20 Biggest Cities in West Virginia - Statistics

General Stats
  • This quiz has been taken 69 times
  • The average score is 9 of 20
Answer Stats
Hint Answer % Correct
46,237 Charleston
98%
30,509 Morgantown
90%
44,850 Huntington
88%
25,945 Wheeling
86%
28,812 Parkersburg
71%
16,362 Beckley
62%
18,988 Martinsburg
52%
15,312 Clarksburg
50%
18,064 Fairmont
48%
13,093 South Charleston
45%
18,144 Weirton
40%
9,160 Bluefield
31%
9,395 Bridgeport
26%
8,054 Charles Town
26%
10,241 St. Albans
26%
6,754 Hurricane
21%
10,396 Vienna
19%
7,613 Moundsville
14%
7,744 Oak Hill
14%
7,067 Dunbar
10%
No matching quizzes found
Score Distribution
Percent of People with Each Score
Percentile by Number Answered
Your Score History
You have not taken this quiz